[Event "1st Archibald 2019"]
[Site "Sochi"]
[Date "2019.05.19"]
[Round "9.9"]
[White "Kotsur, Pavel"]
[Black "Martinovici, Ilie"]
[Result "1/2-1/2"]
[WhiteElo "2527"]
[BlackElo "2367"]
[Annotator "TA"]
[PlyCount "123"]
[EventDate "2019.05.12"]
[EventType "swiss"]
[EventCountry "RUS"]
[SourceTitle "playchess.com"]
[Source "ChessBase"]
[SourceQuality "1"]

{[%evp 22,123,0,-17,-1,-36,-29,-27,-26,-22,-10,-17,0,-2,0,-11,46,45,31,32,67,55,72,62,68,13,27,0,38,35,41,37,35,30,80,16,19,13,114,65,68,27,96,87,85,81,163,148,138,141,136,146,292,185,183,111,296,96,127,94,102,105,109,125,379,372,350,174,177,173,146,166,219,177,160,147,184,85,209,140,139,85,150,72,98,72,77,37,247,230,329,225,208,194,242,81,121,48,63,0,90,0,68,0]} 1. e4 c5 2. Nf3 e6 3. d4 cxd4 4. Nxd4 Nf6 5. Nc3 d6 6. Be2 Be7 7. O-O O-O 8. Kh1 a6 9. f4 Qc7 10. Qe1 b5 11. Bf3 Bb7 12. a3 Nc6 {B84: Sicilian Scheveningen: 6 Be2 a6, lines without early Be3} 13. Nb3 Nd7 14. Ne2 $146 ({Predecessor:} 14. Be3 Rac8 15. Rd1 Rfd8 16. Qf2 Bf6 17. Nd4 Nxd4 18. Bxd4 Bxd4 19. Qxd4 Nb6 20. Be2 {0-1 (54) Dilic,R (2238)-Tratar,M (2443) Pula 2002}) 14... Bf6 {Black has an edge.} 15. c3 g6 16. Qf2 Bg7 17. Be3 Rae8 18. Ng3 e5 (18... f5 $11) 19. f5 $1 $14 Nf6 20. Rad1 Qb8 21. Rd2 Rd8 22. Rfd1 Ba8 23. Nf1 (23. Rd3 $14) 23... Ne7 $11 24. Ng3 Nc8 25. Na1 h6 26. Nc2 a5 27. Qe2 Bc6 28. Bg1 (28. a4 $1 $16) 28... Qb7 29. Ne3 Rfe8 (29... h5 $1 $11) 30. fxg6 fxg6 31. Ng4 Nd7 (31... Nh7 $11) 32. Be3 $16 Kh7 33. h4 Ndb6 (33... h5 $16) 34. Bxb6 Nxb6 35. h5 (35. Rxd6 Rxd6 36. Rxd6 Nc4 $17) 35... Re6 36. Ne3 Qe7 (36... Kh8 $16 {was worth a try.} 37. hxg6 Rxg6) 37. hxg6+ Rxg6 {[#]} 38. Ngf5 (38. Bh5 $1 $18 {[%cal Rh5g6]} Rf6 39. Bf3) 38... Qf8 $2 (38... Qg5 $16) 39. g4 $2 (39. Bh5 $18 {is the precise move to win.} Rf6 40. Bf3) 39... Be8 40. Qf2 Bf7 41. Be2 Bb3 42. Rf1 ({Much worse is} 42. Bxb5 $6 Bxd1 43. Rxd1 Bf6 $11) 42... Bf6 $2 {[%mdl 8192]} (42... Nc4 $16 {was necessary.} 43. Bxc4 Bxc4) 43. Nh4 $18 Bxh4 44. Qxf8 (44. Qxh4 $142 Qg8 45. Bxb5) 44... Rxf8 45. Rxf8 {Black must now prevent Nf5.} Bg5 46. Rf3 Ba4 (46... Bc4 $142 47. Nxc4 bxc4) 47. b3 {[%mdl 64] Deflection} Bxb3 48. Bxb5 a4 49. Rd3 (49. Kg2 $18) 49... Ba2 (49... d5 $16 {is a better defense.} 50. Rf7+ (50. Nxd5 Nxd5 51. Rxd5 Bxd5 $14) (50. exd5 $2 e4 $19 {[%mdl 64] Double Attack}) 50... Kg8) 50. Rd1 Bb3 {aiming for ...Bxe3.} 51. Rg1 (51. Rd2 $142) 51... Bf4 (51... d5 $142) 52. Bd3 (52. Kg2 $142) 52... Kh8 53. Ng2 Bg5 54. Rf8+ Kg7 $2 {[#]} (54... Kh7 $14) 55. Rb8 $1 {[%cal Rb8b6]} d5 (55... Nc4 {keeps fighting.} 56. Rb7+ Kh8) 56. exd5 Rf6 57. Rb7+ Kg8 58. Be4 $2 (58. Rb1 $18) 58... Nc4 59. Rb8+ ({White should try} 59. Re1 $16) 59... Kg7 $14 60. Rb7+ Kg8 61. Rb8+ Kg7 $1 62. Rb7+ {Accuracy: White = 34%, Black = 29%.} ({Better is} 62. Kh2 $14) 1/2-1/2

[Event "1st Archibald 2019"]
[Site "Sochi"]
[Date "2019.05.19"]
[Round "9.10"]
[White "Lugovskoy, Maxim"]
[Black "Raja Harshit"]
[Result "1/2-1/2"]
[WhiteElo "2445"]
[BlackElo "2446"]
[Annotator "TA"]
[PlyCount "30"]
[EventDate "2019.05.12"]
[EventType "swiss"]
[EventCountry "RUS"]
[SourceTitle "playchess.com"]
[Source "ChessBase"]
[SourceQuality "1"]

{[%evp 29,30,0,12]} 1. d4 Nf6 2. Nf3 e6 3. c4 d5 4. g3 Be7 5. Bg2 O-O 6. O-O dxc4 7. Qa4 a6 8. Qxc4 b5 9. Qc2 Bb7 10. Bd2 Be4 11. Qc1 Bb7 12. Qc2 $146 ({Predecessor:} 12. Rd1 Qc8 13. Ba5 c5 14. dxc5 Bxc5 15. Nbd2 Nbd7 16. Nb3 Ba7 17. Qf4 Nb6 18. Bxb6 Bxb6 19. Rac1 Qe8 20. Ne5 Bxg2 21. Kxg2 {½-½ (75) Ding,L (2813)-Radjabov,T (2757) Wijk aan Zee 2019}) 12... Be4 13. Qc1 Bb7 14. Qc2 Be4 15. Qc1 Bb7 1/2-1/2

[Event "1st Archibald 2019"]
[Site "Sochi"]
[Date "2019.05.19"]
[Round "9.11"]
[White "Zakaryan, David"]
[Black "Solozhenkin, Evgeniy"]
[Result "1/2-1/2"]
[WhiteElo "2350"]
[BlackElo "2441"]
[Annotator "NA"]
[PlyCount "104"]
[EventDate "2019.05.12"]
[EventType "swiss"]
[EventCountry "RUS"]
[SourceTitle "playchess.com"]
[Source "ChessBase"]
[SourceQuality "1"]
[TimeControl "5400+30"]

1. d4 {[%emt 0:00:00]} Nf6 {[%emt 0:00:00]} 2. c4 {[%emt 0:00:17]} e6 {[%emt 0:00:00]} 3. Nf3 {[%emt 0:00:36]} b6 {[%emt 0:00:21]} 4. a3 {[%emt 0:03:43]} Ba6 {[%emt 0:00:26]} 5. Qc2 {[%emt 0:01:17]} Bb7 {[%emt 0:00:53]} 6. Nc3 {[%emt 0:00:44]} c5 {[%emt 0:00:12]} 7. e4 {[%emt 0:01:51]} cxd4 {[%emt 0:00:06]} 8. Nxd4 {[%emt 0:00:06]} d6 {[%emt 0:00:14]} 9. Be2 {[%emt 0:00:18]} a6 {[%emt 0:03:49] E12: Queen's Indian: Unusual White 4th moves, 4 a3, 4 Nc3 Bb7 5 a3 and 4 Nc3 Bb7} (9... Be7 10. O-O O-O 11. Be3 Nbd7 12. f3 a6 13. Rfc1 Rc8 14. Bf1 d5 15. exd5 exd5 16. Nf5 dxc4 17. Nxe7+ Qxe7 18. Re1 b5 19. Rad1 {½-½ (47) Jakovenko,D (2704)-Zhigalko,S (2671) Doha 2016}) 10. O-O {[%emt 0:00:49]} Be7 {[%emt 0:03:07]} 11. Be3 {[%emt 0:00:12]} O-O {[%emt 0:00:32]} 12. Rad1 {[%emt 0:01:18]} Qc7 {[%emt 0:02:42]} 13. f4 {[%emt 0:01:30]} Nbd7 {[%emt 0:00:42]} 14. g4 {[%emt 0:02:27]} Nc5 {[%emt 0:12:39]} 15. Bf3 {[%emt 0:00:32] [#]} Rfc8 $146 {[%emt 0:07:15]} ({Predecessor:} 15... Rae8 16. g5 Nfd7 17. b4 e5 18. fxe5 Ne6 19. exd6 Bxd6 {½-½ (46) Banikas,H (2445)-Lobron,E (2585) Yerevan 1996}) 16. g5 {[%emt 0:02:29]} Ne8 {[%emt 0:00:42]} 17. f5 {[%emt 0:02:11]} e5 {[%emt 0:11:43]} 18. Nde2 {[%emt 0:01:23]} Nd7 {[%emt 0:00:27]} 19. Bg4 {[%emt 0:15:26]} Qd8 {[%emt 0:01:42]} 20. f6 {[%emt 0:04:13]} gxf6 {[%emt 0:00:00]} 21. Nd5 {[%emt 0:07:12]} fxg5 {[%emt 0:01:20]} 22. Ng3 {[%emt 0:04:59]} Ng7 {[%emt 0:12:58]} 23. Qf2 {[%emt 0:16:53]} Bxd5 {[%emt 0:00:46]} 24. cxd5 {[%emt 0:03:43]} f6 {[%emt 0:00:55]} 25. Bxg5 {[%emt 0:02:42]} fxg5 {[%emt 0:02:01]} 26. Qf7+ {[%emt 0:00:00]} Kh8 {[%emt 0:00:07]} 27. Nf5 {[%emt 0:00:53]} Nxf5 {[%emt 0:00:47]} 28. Bxf5 {[%emt 0:00:01]} Nf6 {[%emt 0:10:55]} 29. Bxc8 {[%emt 0:00:00]} Rxc8 {[%emt 0:00:07]} 30. Rc1 {[%emt 0:00:00]} Rxc1 {[%emt 0:06:51]} 31. Rxc1 {[%emt 0:00:00]} Qf8 {[%emt 0:00:00]} 32. Qxf8+ {[%emt 0:01:47]} Bxf8 {[%emt 0:00:42]} 33. Rc6 $11 {[%emt 0:00:34]} Nxe4 {[%emt 0:11:00]} 34. Rxb6 {[%emt 0:00:01]} g4 {[%emt 0:01:14]} 35. Rxa6 {[%emt 0:00:47]} Bh6 {[%emt 0:00:00]} 36. b4 {[%emt 0:00:25]} Kg7 {[%emt 0:03:57]} 37. b5 {[%emt 0:00:52]} Kf6 {[%emt 0:00:33]} 38. b6 {[%emt 0:03:53]} Nc5 {[%emt 0:00:08]} 39. Ra8 {[%emt 0:01:43]} e4 {[%emt 0:00:03]} 40. a4 {[%emt 0:00:27]} Ke5 {[%emt 0:00:32]} 41. a5 {[%emt 0:01:52]} Kxd5 {[%emt 0:00:51]} 42. a6 {[%emt 0:07:30]} Kc6 {[%emt 0:00:45]} 43. b7 {[%emt 0:00:12]} Nxb7 {[%emt 0:00:10]} 44. Rc8+ {[%emt 0:00:43]} Kb6 {[%emt 0:00:46]} 45. axb7 {[%emt 0:00:42]} Kxb7 {[%emt 0:00:00]} 46. Re8 {[%emt 0:00:17]} Be3+ {[%emt 0:03:43]} 47. Kg2 {[%emt 0:00:18]} d5 {[%emt 0:00:06]} 48. Kg3 {[%emt 0:02:05]} Kc6 {[%emt 0:00:10]} 49. Kxg4 {[%emt 0:00:10]} Kc5 {[%emt 0:00:19]} 50. Kf5 {[%emt 0:02:11]} Bd2 {[%emt 0:01:05]} 51. Rxe4 {[%emt 0:03:49]} dxe4 {[%emt 0:02:10]} 52. Kxe4 {[%emt 0:00:03]} Kc4 {[%emt 0:01:43]} 1/2-1/2

[Event "1st Archibald 2019"]
[Site "Sochi"]
[Date "2019.05.19"]
[Round "9.12"]
[White "Guseva, Marina"]
[Black "Gharagyozyan, Artur"]
[Result "1-0"]
[WhiteElo "2402"]
[BlackElo "2321"]
[Annotator "NA RC"]
[PlyCount "117"]
[EventDate "2019.05.12"]
[EventType "swiss"]
[EventCountry "RUS"]
[SourceTitle "playchess.com"]
[Source "ChessBase"]
[SourceQuality "1"]
[TimeControl "5400+30"]

1. d4 {[%emt 0:00:00]} Nf6 {[%emt 0:00:48]} 2. c4 {[%emt 0:00:00]} e6 {[%emt 0:00:14]} 3. Nc3 {[%emt 0:00:00]} d5 {[%emt 0:00:11]} 4. cxd5 {[%emt 0:00:00]} Nxd5 {[%emt 0:00:24]} 5. e4 {[%emt 0:00:00]} Nxc3 {[%emt 0:00:05]} 6. bxc3 {[%emt 0:00:00]} c5 {[%emt 0:00:04]} 7. a3 {[%emt 0:01:11]} Be7 {[%emt 0:01:53]} 8. Nf3 {[%emt 0:01:12]} O-O {[%emt 0:00:08]} 9. Be2 {[%emt 0:11:58]} b6 {[%emt 0:03:46]} 10. O-O {[%emt 0:00:00]} Bb7 {[%emt 0:00:06]} 11. Bd3 {[%emt 0:00:00]} Nd7 {[%emt 0:03:12]} 12. Qe2 {[%emt 0:00:52]} Rc8 {[%emt 0:02:06]} 13. Bb2 {[%emt 0:11:01]} Qc7 {[%emt 0:03:33]} 14. Nd2 {[%emt 0:00:00] E12: Queen's Indian: Unusual White 4th moves, 4 a3, 4 Nc3 Bb7 5 a3 and 4 Nc3 Bb7} e5 {[%emt 0:02:02]} (14... Rfd8 15. a4 Ne5 16. Bb5 cxd4 17. cxd4 Qc2 18. Rab1 Bb4 19. d5 Ng6 20. Bc1 Bc3 21. dxe6 Bxd2 22. exf7+ Kxf7 {0-1 (34) Pultinevicius,P (2452)-Petrosyan,M (2567) Riga 2018}) 15. d5 {[%emt 0:00:35]} Rcd8 $146 {[%emt 0:04:56]} ({Predecessor:} 15... Rce8 16. c4 Bd6 17. g3 Bc8 18. f3 g6 19. Qg2 f6 20. Rf2 Rf7 21. Bc3 Nf8 {½-½ (34) Stluka,F (2137)-Simek,P (2259) Czechia 2006}) 16. c4 {[%emt 0:01:00]} Bd6 {[%emt 0:01:59]} 17. Nf3 {[%emt 0:09:24]} Bc8 {[%emt 0:00:12]} 18. Bc1 {[%emt 0:01:14]} Nb8 {[%emt 0:00:12]} 19. Qc2 {[%emt 0:01:21]} Bg4 {[%emt 0:01:07]} 20. Ne1 {[%emt 0:00:16]} Qe7 {[%emt 0:00:16]} 21. Rb1 {[%emt 0:00:40]} Bc7 {[%emt 0:00:30]} 22. h3 {[%emt 0:01:26]} Bc8 {[%emt 0:00:00]} 23. Nf3 {[%emt 0:00:40]} h6 {[%emt 0:00:34]} 24. Bb2 {[%emt 0:01:09]} Rfe8 {[%emt 0:03:04]} 25. Rfe1 {[%emt 0:04:21]} Nd7 {[%emt 0:00:15]} 26. Be2 {[%emt 0:00:34]} Nf8 {[%emt 0:00:00]} 27. Nh2 {[%emt 0:03:43]} Ng6 {[%emt 0:05:13]} 28. Bg4 {[%emt 0:00:06]} Nf4 {[%emt 0:01:31]} 29. Bxc8 {[%emt 0:05:23]} Rxc8 {[%emt 0:00:32]} 30. Re3 {[%emt 0:04:45]} Rcd8 {[%emt 0:03:24]} 31. Nf1 {[%emt 0:00:56]} Rd6 {[%emt 0:01:26]} 32. Rg3 {[%emt 0:00:32]} Nh5 {[%emt 0:02:19]} 33. Rf3 {[%emt 0:00:05]} Nf4 {[%emt 0:04:45]} 34. Rd1 {[%emt 0:02:30]} Rg6 {[%emt 0:02:01]} 35. Rg3 {[%emt 0:00:58]} Nh5 {[%emt 0:01:20]} 36. Rxg6 {[%emt 0:00:45]} fxg6 {[%emt 0:00:02]} 37. g3 {[%emt 0:01:50]} Bd6 {[%emt 0:00:27]} 38. Qe2 {[%emt 0:01:00]} Rf8 {[%emt 0:01:31]} 39. Nh2 {[%emt 0:02:54]} Kh7 {[%emt 0:00:43]} 40. Nf3 {[%emt 0:04:14]} Nf6 {[%emt 0:04:05]} 41. Kg2 {[%emt 0:00:30]} g5 {[%emt 0:00:43]} 42. Ne1 {[%emt 0:02:20]} Qd7 {[%emt 0:01:29]} 43. f3 {[%emt 0:03:31]} Qa4 {[%emt 0:03:44]} 44. Qc2 {[%emt 0:00:12]} Qe8 $16 {[%emt 0:01:18]} 45. Nd3 {[%emt 0:00:29]} Kg8 {[%emt 0:03:57]} 46. Re1 {[%emt 0:00:00]} Kh8 {[%emt 0:05:07]} 47. Kh2 {[%emt 0:01:16]} h5 {[%emt 0:03:47]} 48. f4 {[%emt 0:06:49]} exf4 {[%emt 0:07:48]} 49. e5 {[%emt 0:00:34]} fxg3+ {[%emt 0:00:14]} 50. Kg2 {[%emt 0:00:05]} Nxd5 {[%emt 0:03:14]} 51. cxd5 {[%emt 0:00:14]} Qf7 {[%emt 0:01:53]} 52. exd6 {[%emt 0:02:52]} Qf3+ {[%emt 0:01:33]} 53. Kg1 {[%emt 0:00:34]} g4 {[%emt 0:05:23]} 54. Qd2 {[%emt 0:04:56]} Kh7 {[%emt 0:04:04]} 55. Qg5 {[%emt 0:00:57]} Qf7 {[%emt 0:00:11]} 56. Bxg7 {[%emt 0:02:05]} Qxg7 {[%emt 0:00:58]} 57. Re7 {[%emt 0:00:00]} Rf7 {[%emt 0:00:00]} 58. Qxg7+ {[%emt 0:00:00]} Kxg7 {[%emt 0:00:37]} 59. Ne5 {[%emt 0:00:14]} 1-0

[Event "1st Archibald 2019"]
[Site "Sochi"]
[Date "2019.05.19"]
[Round "9.13"]
[White "Najdin, Danil"]
[Black "Eraschenkov, Denis"]
[Result "1-0"]
[WhiteElo "2314"]
[BlackElo "2391"]
[Annotator "TA"]
[PlyCount "83"]
[EventDate "2019.05.12"]
[EventType "swiss"]
[EventCountry "RUS"]
[SourceTitle "playchess.com"]
[Source "ChessBase"]
[SourceQuality "1"]

{[%evp 19,83,22,37,17,55,50,49,41,49,39,44,39,28,35,41,37,39,30,210,214,203,200,238,238,232,241,236,235,254,248,242,235,258,258,395,393,358,276,370,357,364,364,329,0,284,191,255,255,255,255,255,250,357,336,379,360,395,404,418,403,441,442,527,522,756,774]} 1. d4 Nf6 2. c4 g6 3. g3 Bg7 4. Bg2 d6 5. Nf3 O-O 6. O-O c5 7. d5 e6 8. Nc3 exd5 9. cxd5 Nbd7 10. Bf4 Qe7 11. Re1 {A62: Modern Benoni: Fianchetto Variation without early ...Nbd7} Nh5 12. Bg5 f6 13. Bd2 {White is slightly better.} f5 {[#]} 14. Ng5 $146 ({Predecessor:} 14. Bg5 Ndf6 15. e4 fxe4 16. Nxe4 Qc7 17. Bxf6 Nxf6 18. Neg5 Qb6 {½-½ (29) Vallejo Pons,F (2711)-Ponomariov,R (2709) Tallinn 2016}) 14... Nb6 15. a4 {[%cal Ba2a4,Ba4a5,Ba5a6][%mdl 32]} f4 16. Ne6 $1 {[%cal Re6f8]} Bxe6 17. dxe6 fxg3 ({Reject} 17... Qxe6 $6 18. a5 $18) 18. hxg3 Qxe6 $2 {[#]} (18... Nc4 $11 {and Black has nothing to worry.}) 19. a5 $1 $18 {[%cal Ra5b6]} Qf5 20. Be3 Nd7 21. Qd5+ ({Don't play} 21. Qxd6 $6 Rae8 $16) ({Less strong is} 21. Bxb7 Rab8 $14) 21... Qxd5 22. Bxd5+ Kh8 23. a6 Nb6 {[#] Strongly threatening ...Bxc3.} 24. axb7 Rab8 {aiming for ...Bxc3.} 25. Bf3 Rxf3 26. exf3 Bxc3 (26... Rxb7 $142 27. Bxc5 Bxc3) 27. bxc3 Rxb7 28. Ra6 Nc4 29. Bh6 {[%cal Re1e8]} Kg8 30. Re4 Nb6 31. Re1 $2 (31. Re6 $18) 31... Rc7 $2 {[%mdl 8192]} (31... Nc4 $1 $11 {and Black is okay.}) 32. g4 Ng7 (32... Nf6 $142 33. Rea1 Nc8) 33. Bf4 Rd7 34. Rea1 Ne6 35. Bg3 Nc4 (35... h5 $142 36. Rxa7 Rxa7 37. Rxa7 Nc4 38. gxh5 gxh5 39. Bxd6 Nxd6) 36. Rxa7 Rxa7 37. Rxa7 {KRB-KNN} Ng5 38. Kg2 Nf7 39. f4 Kg7 40. Bh4 {White is clearly winning.} h6 41. Be7 Nb6 42. Bxd6 {Accuracy: White = 87%, Black = 46%.} 1-0

[Event "1st Archibald 2019"]
[Site "Sochi"]
[Date "2019.05.19"]
[Round "9.14"]
[White "Isanzhulov, Arystan"]
[Black "Pogosian, Manvel"]
[Result "0-1"]
[WhiteElo "2254"]
[BlackElo "2388"]
[Annotator "TA"]
[PlyCount "116"]
[EventDate "2019.05.12"]
[EventType "swiss"]
[EventCountry "RUS"]
[SourceTitle "playchess.com"]
[Source "ChessBase"]
[SourceQuality "1"]

{[%evp 11,116,0,0,0,-13,-14,-14,-9,-3,-25,-16,-36,-34,-39,-25,-53,-41,-66,-58,-71,-75,-92,-82,-91,-86,-104,-105,-104,-116,-125,-99,-86,-99,-108,-103,-108,-104,-116,-114,-113,-112,-115,-113,-114,-110,-112,-93,-99,-100,-181,-174,-172,-162,-181,-162,-170,-162,-181,-190,-195,-181,-186,-181,-159,-170,-171,-173,-256,-253,-331,-218,-212,-214,-211,-199,-204,-214,-206,-202,-174,-116,-148,-112,-294,-293,-291,-291,-278,-286,-445,-329,-1057,-1037,-1169,-1081,-1457,-1361,-1061,-1468,-1713,-1560,-29981,-29981,-29985,-29986,-29987,-29988]} 1. e4 c6 2. d3 d5 3. Nd2 e5 4. Ngf3 Bd6 5. d4 exd4 6. exd5 cxd5 7. Bb5+ {B10: Caro-Kann: 2 d3 and 2 c4} (7. Nxd4 Nc6 8. N2f3 Nf6 9. Be2 O-O 10. O-O h6 11. c3 Re8 12. h3 Bc7 13. Re1 a6 14. Bd3 Rxe1+ 15. Qxe1 Qd6 {0-1 (30) Andriasian,Z (2591)-Vidit,S (2718) chess.com INT 2018}) 7... Nc6 8. O-O Qb6 9. Bd3 {The position is equal.} Nge7 10. h3 O-O 11. Nb3 $146 ({Predecessor:} 11. a3 a5 12. Nb3 Nf5 13. Bxf5 Bxf5 14. Nfxd4 Bxc2 15. Nxc2 Qxb3 {0-1 (42) Castano,D (2317)-Morales,J (2271) Pereira 2014}) 11... Nf5 12. a4 a6 13. Bxf5 Bxf5 14. Nfxd4 {[#]} Bxc2 $1 {[%mdl 576] Remove Defender, Deflection} 15. Nxc2 (15. Qxc2 Nxd4) 15... Qxb3 16. Ne3 Qxd1 17. Rxd1 d4 18. Nc2 Rfd8 19. Kf1 Rac8 20. Rb1 Be5 21. Ne1 f6 22. Nd3 Kf7 23. Bd2 Bd6 24. Rdc1 Ne5 25. Ke2 Nc4 26. b3 Re8+ 27. Kd1 Ne5 $36 {[%mdl 2048] Black is on the roll.} 28. Ke2 Rc6 29. Nxe5+ fxe5 ({Much weaker is} 29... Rxe5+ 30. Kd3 $11) 30. f3 (30. Kd3 $17) 30... Ke6 $19 31. Kd3 Kd5 32. Rc4 Re6 33. Re1 Rg6 34. Re2 Rb6 35. Kc2 {[#]} d3+ $1 {[%mdl 576] Deflection, Decoy} 36. Kxd3 Rxb3+ 37. Rc3 Rb4 38. a5 Rd4+ 39. Kc2 (39. Ke3 $142) 39... Bb4 40. Rb3 Bxd2 41. Rxd2 Rxd2+ 42. Kxd2 Rxg2+ {[%mdl 4096] Endgame KR-KR} 43. Ke3 Kc6 44. Rb6+ Kc7 45. Re6 Rg5 ({Better is} 45... Ra2 $19 46. Re7+ Kc6 47. Rxe5 g6 48. Re6+ Kd7) 46. Re7+ $17 Kc6 47. Kf2 $2 {[#]} (47. h4 $17 {is a better defense.} Rh5 48. Rxg7) 47... e4 $1 $19 48. fxe4 (48. Rxe4 Rxa5) 48... Rxa5 49. Rxg7 {[#]} Rh5 $1 50. Kg3 (50. Rg8 {might work better.}) 50... a5 51. Rg8 $2 (51. Kg4 Rh6 52. Kf5) 51... b5 {[%cal Bb7b5,Bb5b4,Bb4b3,Bb3b2][%mdl 32]} 52. Kg4 Rc5 53. Rc8+ Kd6 54. Ra8 b4 55. Kf4 Rb5 56. Ke3 b3 {Black mates.} 57. Rd8+ Ke7 58. Rd1 b2 {Accuracy: White = 41%, Black = 83%.} 0-1

[Event "1st Archibald 2019"]
[Site "Sochi"]
[Date "2019.05.19"]
[Round "9.15"]
[White "Gritsayeva, Oksana"]
[Black "Ufimtsev, Egor"]
[Result "1-0"]
[WhiteElo "2383"]
[BlackElo "2101"]
[Annotator "NA RC"]
[PlyCount "117"]
[EventDate "2019.05.12"]
[EventType "swiss"]
[EventCountry "RUS"]
[SourceTitle "playchess.com"]
[Source "ChessBase"]
[SourceQuality "1"]
[TimeControl "5400+30"]

1. e4 {[%emt 0:00:00]} c6 {[%emt 0:00:00]} 2. Nc3 {[%emt 0:04:02]} d5 {[%emt 0:00:00]} 3. Nf3 {[%emt 0:00:04]} dxe4 {[%emt 0:00:09]} 4. Nxe4 {[%emt 0:00:36]} Nf6 {[%emt 0:00:01]} 5. Qe2 {[%emt 0:03:18]} Nxe4 {[%emt 0:00:11]} 6. Qxe4 {[%emt 0:00:04]} Qd5 {[%emt 0:09:11] B11: Caro-Kann: Two Knights Variation} (6... Qa5 7. Bd3 Na6 8. Qe5 Qxe5+ 9. Nxe5 Nb4 10. Be4 f6 11. c3 Nd5 12. Nf3 a5 13. d4 a4 14. Bd2 {½-½ (41) Adams,M (2703)-Howell,D (2696) London 2018}) 7. Qh4 {[%emt 0:03:00]} Qe6+ {[%emt 0:01:01]} 8. Be2 {[%emt 0:00:14]} Qg4 {[%emt 0:00:03]} 9. Qxg4 {[%emt 0:04:01]} Bxg4 {[%emt 0:01:00]} 10. h3 {[%emt 0:02:02]} Bxf3 $146 {[%emt 0:14:36]} ({Predecessor:} 10... Bh5 11. g4 Bg6 12. d3 Nd7 13. Nh4 e5 14. f4 {0-1 (56) Melnikov,D (2353)-Malofeev,A (2277) St Petersburg 2007}) 11. Bxf3 {[%emt 0:00:00]} e5 {[%emt 0:00:00]} 12. O-O {[%emt 0:02:37]} Bd6 {[%emt 0:03:10]} 13. b4 {[%emt 0:01:48]} Nd7 {[%emt 0:02:33]} 14. Rb1 {[%emt 0:07:16]} Rc8 {[%emt 0:07:18]} 15. c3 {[%emt 0:09:01]} O-O {[%emt 0:09:33]} 16. d3 {[%emt 0:10:19]} f5 {[%emt 0:05:14]} 17. c4 {[%emt 0:01:01]} b6 {[%emt 0:11:15]} 18. Be3 {[%emt 0:02:34]} c5 {[%emt 0:08:39]} 19. b5 {[%emt 0:01:08]} e4 {[%emt 0:00:08]} 20. dxe4 {[%emt 0:02:35]} Ne5 {[%emt 0:00:01]} 21. exf5 {[%emt 0:01:31]} Nxf3+ {[%emt 0:00:17]} 22. gxf3 {[%emt 0:00:05]} Rxf5 {[%emt 0:00:03]} 23. Rfd1 {[%emt 0:01:28]} Bf4 $14 {[%emt 0:06:50]} 24. Kg2 {[%emt 0:03:32]} Rcf8 {[%emt 0:04:41]} 25. Rb3 {[%emt 0:00:59]} Rg5+ {[%emt 0:01:06]} 26. Kf1 {[%emt 0:01:11]} Rgf5 {[%emt 0:07:46]} 27. Rd7 {[%emt 0:05:47]} Bb8 {[%emt 0:00:00]} 28. Rbd3 {[%emt 0:06:06]} Rxf3 {[%emt 0:00:01]} 29. Ke2 {[%emt 0:01:23]} R3f7 {[%emt 0:02:30]} 30. a4 {[%emt 0:01:16]} Rxd7 {[%emt 0:01:17]} 31. Rxd7 {[%emt 0:00:00]} Rf7 {[%emt 0:00:02]} 32. Rd8+ {[%emt 0:00:55]} Rf8 {[%emt 0:00:32]} 33. Rd5 {[%emt 0:00:00]} Kf7 {[%emt 0:00:46]} 34. Rd7+ {[%emt 0:01:04]} Kg6 {[%emt 0:01:13]} 35. Rb7 {[%emt 0:00:00]} Rc8 {[%emt 0:01:59]} 36. Kd3 {[%emt 0:00:01]} Kf6 {[%emt 0:01:36]} 37. Ke4 {[%emt 0:03:08]} Re8+ {[%emt 0:00:00]} 38. Kd3 {[%emt 0:00:45]} Rd8+ {[%emt 0:00:00]} 39. Ke2 {[%emt 0:01:10]} Rc8 {[%emt 0:00:42]} 40. Bd2 {[%emt 0:00:46]} h6 {[%emt 0:01:55]} 41. Bc3+ {[%emt 0:01:24]} Be5 {[%emt 0:00:32]} 42. Bxe5+ {[%emt 0:00:57]} Kxe5 {[%emt 0:00:03]} 43. Ke3 {[%emt 0:00:34]} Rd8 {[%emt 0:00:00]} 44. Re7+ {[%emt 0:00:30]} Kf5 {[%emt 0:00:32]} 45. Rf7+ {[%emt 0:01:12]} Kg5 {[%emt 0:02:03]} 46. Rxa7 {[%emt 0:01:40]} Rd4 {[%emt 0:00:00]} 47. Rxg7+ {[%emt 0:00:48]} Kh5 {[%emt 0:00:26]} 48. f4 {[%emt 0:04:45]} Rxc4 {[%emt 0:00:00]} 49. f5 {[%emt 0:00:05]} Rxa4 {[%emt 0:00:00]} 50. f6 {[%emt 0:00:00]} Ra1 {[%emt 0:01:20]} 51. Kf2 {[%emt 0:02:27]} Ra4 {[%emt 0:00:12]} 52. Ke3 {[%emt 0:01:30]} Ra1 {[%emt 0:00:03]} 53. Ke4 {[%emt 0:01:08]} Rf1 {[%emt 0:00:54]} 54. f7 {[%emt 0:00:26]} Rf2 {[%emt 0:01:33]} 55. Ke5 {[%emt 0:00:27]} Rf1 {[%emt 0:00:00]} 56. Ke6 {[%emt 0:00:44]} Re1+ {[%emt 0:00:32]} 57. Kd7 {[%emt 0:00:33]} Rf1 {[%emt 0:00:34]} 58. Ke8 {[%emt 0:00:25]} Re1+ {[%emt 0:00:02]} 59. Kf8 {[%emt 0:00:45]} 1-0